000
00246nam a2200109Ia 4500
008
220204s9999 xx 000 0 und d
082
_a
82-3
_b
COL
100
_a
Collins, Jack
245
0
_a
Chances
260
_a
New York
_b
Warner
_c
1981
942
_c
BK
999
_c
38574
_d
38574